000
00264nam a2200109Ia 4500
008
230320s9999||||xx |||||||||||||| ||spa||
082
_a
410/G71
100
_a
Gonzáles Ruiz, Ramón
245
0
_a
Lingüística Y Pragmática
260
_b
Síntesis
942
_8
0
_c
LIB
999
_c
49768
_d
49768